01040cam a2200301 a 450000100060000000300080000600500170001400800410003102000150007203500190008704000580010604100080016407000150017207200090018708200190019610000240021524500220023925000120026126001330027330000340040650400200044065000340046065000240049471000430051871000460056177600550060778000760066213963BD-RjUL20211208235539.0140203s1997 ksufr p 0 1 a0eng c a8120409949 a(BD-RjUL)14015 aNSDPbengcNSDPdDLCdNSDPdDNALdOCoLCdMiUdBD-RjUL aeng0 aSB113.2.J6 0aF10000a631.52105bAGS aAgrawal, Rattan Lal00aSeed technology / a2nd ed. aLincoln, NE :bPublished jointly by Association of Official Seed Analysts [and] Society of Commercial Seed Technologists,c1997. avii, 829 p. :bill. ;c23 cm. aIncludes index. 0aSeed technologyvPeriodicals. 0aSeedsvPeriodicals.2 aAssociation of Official Seed Analysts.2 aSociety of Commercial Seed Technologists.08iOnline version:tSeed technologyw(OCoLC)86152157600tJournal of seed technologyx0146-3071w(DLC) 81640993w(OCoLC)3252954